Statystyki dla Państwa na literę D

Kliknij tutaj aby rozwiązać quiz!

Ogólne statystyki

  • Ten quiz został rozwiązany 92 126 razy
  • Średni wynik to 3 z 5

Statystyki odpowiedzi

Kraj% Poprawnych
Dania
99%
Dominika
68%
Dominikana
60%
Demokratyczna Republika Konga
45%
Dżibuti
39%

Rozkład punktacji

Percentyl według liczby udzielonych odpowiedzi

Procent ludzi z każdym wynikiem

Twoja historia wyników

Nie rozwiązałeś tego quizu